|
|
|
|
| LEADER |
02932njm a2200505 a 4500 |
| 001 |
000775933 |
| 003 |
CZ BrMZK |
| 005 |
20151015150633.0 |
| 007 |
sd fsngnnmmned |
| 008 |
050524s2005 xr cc g def lat d |
| 015 |
|
|
|a cnb001579358
|
| 028 |
0 |
0 |
|a SU 3807-2
|b Supraphon
|
| 040 |
|
|
|a BOA001
|b cze
|
| 041 |
1 |
|
|e lat
|e cze
|e eng
|e fre
|e ger
|g cze
|g eng
|g ger
|g fre
|
| 048 |
|
|
|a cc
|
| 080 |
|
|
|a 783.51
|2 MRF
|
| 080 |
|
|
|a 78.087.683
|2 MRF
|
| 080 |
|
|
|a (086.76)
|2 MRF
|
| 100 |
0 |
|
|a Petrus de Grudziądz,
|d asi 1400-asi 1470
|7 ola2002150827
|4 cmp
|
| 245 |
1 |
0 |
|a Maiestas Dei
|h [zvukový záznam] :
|b [středověká polyfonie v díle Petra Wilhelmi de Grudencz]
|
| 260 |
|
|
|a Praha :
|b Supraphon,
|c p2005
|
| 300 |
|
|
|a 1 zvuková deska (71:25) :
|b digital, stereo ;
|c 12 cm +
|e 1 brožura (48 s.)
|
| 306 |
|
|
|a 011125
|
| 500 |
|
|
|a Kompaktní deska (DDD)
|
| 505 |
0 |
0 |
|t Moteto Veni vere - Pneuma eucaristiarum - Paraclito tripudia - Dator eya graciarum --
|t Kyrie Fons bonitatis --
|t Gloria in excelsis Deo --
|t O felicem genitricem --
|t Sanctus --
|t Phebus eclipsi tumuli --
|t Introitus Puer natus est --
|t Cantio Nobis est natus hodie --
|t Moteto Pán Ježíš narozený - Tři králové - Zdávna prorokové --
|t Lectio evangelii Factum est cum baptizaretur --
|t Moteto Preconia etroclyta --
|t Antiphona Nigra sum --
|t Presidiorum erogatrix --
|t Tractus Laus tibi Christe --
|t Plaude euge Theotocos --
|t Prelustri elucencia --
|t Antiphona Ex te virgo --
|t Probleumata enigmatum --
|t Moteto Iacob scalam - Pax eterna - Terribilis est locus --
|t Hymnus Urbs beata Ierusalem --
|t Sequentia Sacerdotem Christi Martinum --
|t Moteto Presulis eminenciam --
|t Rotulum Presulem ephebeatum --
|t Antiphona Nil terita supplicio --
|t Moteto Prefulcitam expolitam --
|t Rotulum Promitat eterno trono
|
| 511 |
0 |
|
|a Schiola Gregoriana Pragensis, umělecký vedoucí David Eben
|
| 518 |
|
|
|a Nahráno v únoru 2002 a listopadu 2004 v kapli Nejsvětější Trojice bývalého augustiniánského kláštera (nynější Okresní vlastivědné muzeum) v České Lípě
|
| 546 |
|
|
|a Zpíváno latinsky
|
| 546 |
|
|
|a Texty skladeb v brožuře latinsky, česky, anglicky, francouzsky a německy
|
| 546 |
|
|
|a Text v brožuře česky, anglicky, francouzsky a německy
|
| 650 |
0 |
7 |
|a gregoriánský chorál
|7 ph120616
|2 czenas
|
| 655 |
|
7 |
|a kompaktní desky
|7 fd201991
|2 czenas
|
| 700 |
1 |
|
|a Eben, David,
|d 1965-
|7 jn20000620068
|4 cnd
|
| 700 |
1 |
2 |
|a Dufay, Guillaume,
|d asi 1397-1474.
|t Urbs beata Jerusalem
|7 aun2014816812
|
| 700 |
1 |
|
|a Dufay, Guillaume,
|d asi 1397-1474
|7 jn20000700444
|4 cmp
|
| 740 |
0 |
2 |
|a Boží majestát
|
| 740 |
0 |
2 |
|a Boží narození
|
| 740 |
0 |
2 |
|a Maria, Královna a Pomocnice
|
| 740 |
0 |
2 |
|a Svědci před Božím majestátem
|
| 740 |
0 |
2 |
|a Svatý Martin
|
| 740 |
0 |
2 |
|a Svatá Dorota
|
| 910 |
|
|
|a BOA001
|b CD-0012.391
|
| 990 |
|
|
|a AV
|
| 991 |
|
|
|b 200506
|
| 996 |
6 |
|
|b 261H013606
|c CD-0012.391
|l MZK
|r Sklad / do 24 hodin
|n 1
|w 000775933
|u 000010
|a 1
|e BOA001
|j MZK50
|s P
|